书目信息 |
| 题名: |
文化政策与治理
|
|
| 作者: | 胡惠林 , 单世联 , 凌金铸 主编 | |
| 分册: | ||
| 出版信息: | 上海 上海人民出版社 2015 |
|
| 页数: | 12,478页 | |
| 开本: | 24cm | |
| 丛书名: | ||
| 单 册: | ||
| 中图分类: | G120 | |
| 科图分类: | ||
| 主题词: | 文化事业--Wen Hua Shi Ye--方针政策--研究--中国 , 文化管理--Wen Hua Guan Li--研究--中国 | |
| 电子资源: | ||
| ISBN: | 978-7-208-13401-0 | |
| 000 | 01279nam0 22002891 450 | |
| 001 | 350895 | |
| 005 | 20161012081203.26 | |
| 010 | @a978-7-208-13401-0@dCNY80.00 | |
| 100 | @a20160321d2015 em y0chiy50 ea | |
| 101 | 0 | @achi@deng |
| 102 | @aCN@b310000 | |
| 105 | @ay z 000yy | |
| 106 | @ar | |
| 200 | 1 | @a文化政策与治理@AWen Hua Zheng Ce Yu Zhi Li@dCultural policy and governance@f胡惠林,单世联,凌金铸主编@zeng |
| 210 | @a上海@c上海人民出版社@d2015 | |
| 215 | @a12,478页@d24cm | |
| 300 | @a上海交通大学国家文化产业创新与发展研究基地 文化产业与中国问题研究之二 | |
| 330 | @a本书以党的十八届三中全会提出的“推进国家治理体系和治理能力现代化”为指导思想,开展对于“国家文化治理体系和治理能力现代化”文化政策理论与治理实践研究。主要包括文化政策与治理基础理论研究、文化政策与治理比较研究、文化政策与治理经验分析、文化政策与治理发展史研究、文化政策与文化法治研究以及文化政策与治理案例等。 | |
| 510 | 1 | @aCultural policy and governance@zeng |
| 606 | 0 | @a文化事业@AWen Hua Shi Ye@x方针政策@x研究@y中国 |
| 606 | 0 | @a文化管理@AWen Hua Guan Li@x研究@y中国 |
| 690 | @aG120@v5 | |
| 701 | 0 | @a胡惠林@AHu Hui Lin@4主编 |
| 701 | 0 | @a单世联@ADan Shi Lian@4主编 |
| 701 | 0 | @a凌金铸@ALing Jin Zhu@4主编 |
| 801 | 0 | @aCN@bTANGWEI@c20160808 |
| 905 | @b0892295-8@dG120@e173@f4 | |
| 文化政策与治理=Cultural policy and governance/胡惠林,单世联,凌金铸主编.-上海:上海人民出版社,2015 |
| 12,478页;24cm |
| 上海交通大学国家文化产业创新与发展研究基地 文化产业与中国问题研究之二 |
| ISBN 978-7-208-13401-0:CNY80.00 |
| 本书以党的十八届三中全会提出的“推进国家治理体系和治理能力现代化”为指导思想,开展对于“国家文化治理体系和治理能力现代化”文化政策理论与治理实践研究。主要包括文化政策与治理基础理论研究、文化政策与治理比较研究、文化政策与治理经验分析、文化政策与治理发展史研究、文化政策与文化法治研究以及文化政策与治理案例等。 |
| ● |
| 相关链接 |
|
|
|
|
正题名:文化政策与治理
索取号:G120/173
 
预约/预借
| 序号 | 登录号 | 条形码 | 馆藏地/架位号 | 状态 | 备注 |
| 1 | 0892295 | 208922950 | 第一样本阅览室/ [索取号:G120/173] | 在馆 | |
| 2 | 0892296 | 208922969 | 第四借阅区/ [索取号:G120/173] | 在馆 | |
| 3 | 0892297 | 208922978 | 第四借阅区/ [索取号:G120/173] | 在馆 | |
| 4 | 0892298 | 208922987 | 第四借阅区/ [索取号:G120/173] | 在馆 |